000 005160000a22001810004500
003 LK-CoMWRAF
005 20230828162952.0
008 230817t1991 ||||| |||| 00| 0 eng d
040 _aLK-CoMWRAF
_dLK-CoMWRAF
_eLK-CoMWRAF
041 _aeng
082 _a345
_bSID
100 _aSiddiqi, Muhammad Iqbal
245 _aThe penal law of Islam
260 _aNew Delhi:
_bInternational Islamic publishers,
_c1991
300 _aviii, 191 p. ; 22 cm.
_bIndex included
650 _aCRIMINAL LAW(ISLAMIC LAW)
942 _cBK
999 _c1336
_d1336